000
00314nam a2200121Ia 4500
008
231129s9999||||xx |||||||||||||| ||spa||
040
_b
spa
082
_a
370.1 C775c
100
_a
Coombs Philip H
245
0
_a
La crisis mundial de la educacion: Perspectivas actuales
264
_a
Santillana
942
_2
ddc
_c
BKS
999
_c
16777
_d
16777